Geography Quiz

Random Geography or City Quiz

Richest Cities Quiz Stats

 Plays Quiz Updated Oct 9, 2018

Score 0/20 Timer 05:00
2 Plays Today
Rank City % Correct
6New York, USA
96.3%
18London, UK
89.5%
11Los Angeles, USA
83.1%
8Tokyo, Japan
68.6%
12Chicago, USA
62.5%
19Berlin, Germany
55.4%
14Miami, USA
47.2%
7Sydney, Australia
42.4%
4Oslo, Norway
42.1%
13Stockholm, Sweden
39.2%
Rank City % Correct
20Amsterdam, Netherlands
37.6%
3Copenhagen, Denmark
34.5%
9Munich, Germany
34.3%
16Helsinki, Finland
33.1%
1Zurich, Switzerland
31.4%
15Brussels, Belgium
31%
17Vienna, Austria
30.7%
2Geneva, Switzerland
28.3%
5Luxembourg, Luxembourg
23.1%
10Frankfurt, Germany
22.1%

You're not logged in!

Compare scores with friends on all Sporcle quizzes.
OR
Log In

Sporcle TV

Today on Sporcle TV


Watch our educational content, quiz creation guides, and fun videos on Sporcle TV.

Show Comments

Extras

Top Quizzes Today


Score Distribution

Your Account Isn't Verified!

In order to create a playlist on Sporcle, you need to verify the email address you used during registration. Go to your Sporcle Settings to finish the process.

Report this User

Report this user for behavior that violates our Community Guidelines.

Details: